[Event "SVK-ch Amateurs"]
[Site "Liptovsky Jan"]
[Date "2023.06.17"]
[Round "6"]
[White "Vajzer, Bohuslav"]
[Black "Vresilovic, Matus"]
[Result "1/2-1/2"]
[WhiteElo "1403"]
[BlackElo "1214"]
[PlyCount "100"]
[EventDate "2023.06.15"]
[EventType "swiss"]
[EventRounds "8"]
[EventCountry "SVK"]
[SourceTitle "CBM 214 Extra"]
[Source "ChessBase"]
[SourceDate "2023.07.31"]
[SourceVersion "1"]
[SourceVersionDate "2023.07.31"]
[SourceQuality "1"]

1. b3 Nc6 2. e3 d5 3. Nf3 Nf6 4. d4 Bg4 5. Be2 Bxf3 6. Bxf3 e5 7. Bb2 e4 8. Be2 a6 9. c4 Bb4+ 10. Bc3 Bxc3+ 11. Nxc3 0-0 12. 0-0 Re8 13. cxd5 Nxd5 14. Nxd5 Qxd5 15. Bc4 Qg5 16. Re1 Rad8 17. f3 b5 18. Bf1 Rd6 19. fxe4 Rxe4 20. Qf3 Re7 21. Rac1 Rf6 22. Qh3 g6 23. Rc5 Ne5 24. Rxe5 Rxe5 25. dxe5 Qxe5 26. Qg3 Qe7 27. a4 c6 28. e4 bxa4 29. bxa4 c5 30. Bc4 Qd8 31. Bd5 c4 32. Qc3 Qb6+ 33. Kh1 Qf2 34. Qc1 c3 35. Bc4 Qd4 36. Bd5 Qf2 37. e5 Rf5 38. Bf3 Qc5 39. h3 Rxe5 40. Rxe5 Qxe5 41. Qc2 a5 42. Kg1 Qe1+ 43. Kh2 Qe5+ 44. g3 Qe6 45. Kg2 h5 46. h4 f5 47. Qb3 Kg7 48. Qc2 Qe3 49. Qb3 Kh6 50. Qd1 f4 1/2-1/2